000
00333nam a2200145Ia 4500
100
_a
Wolfendale/F.
942
_c
BK
654
_a
Circuits
245
_a
Computer aided design of electronic circuits
260
_b
Iliffe Book (Xerox copy)
_a
London
082
_a
621.3815303
_b
W
300
_a
172
546
_a
ENGLISH
999
_c
18687
_d
18687